Úloha cen v tržní ekonomice.

Návrhy v cenovej oblasti agrárno-potravinárskeho komplexu pri prechode na liberalizáciu cien. Návrh uplatniť u výrobkov agrárno-potravinárskeho komplexu zmluvné, orientačné, minimálne, garantované a maximálne ceny. Zavedenie účelového subvenčného systému pre výrobcov hospodáriacich v najhorších podm...

Descrizione completa

Salvato in:
Dettagli Bibliografici
Autore principale: Závodný, O.
Natura: Capitolo di libro
Lingua:ceco
Soggetti:
Tags: Aggiungi Tag
Nessun Tag, puoi essere il primo ad aggiungerne!!

MARC

LEADER 00000naa a2200000 4500
001 r001845
005 20220907113446.4
041 0 |a cze 
044 |a [CS] 
245 1 0 |a Úloha cen v tržní ekonomice.  |c O. Závodný 
520 |a Návrhy v cenovej oblasti agrárno-potravinárskeho komplexu pri prechode na liberalizáciu cien. Návrh uplatniť u výrobkov agrárno-potravinárskeho komplexu zmluvné, orientačné, minimálne, garantované a maximálne ceny. Zavedenie účelového subvenčného systému pre výrobcov hospodáriacich v najhorších podmienkach. 
610 2 0 |a komplex poľnohospodársko-potravinársky 
610 2 0 |a tvorba cien 
610 2 0 |a liberalizácia 
610 2 0 |a subvencie 
610 2 0 |a mechanizmus trhový 
100 1 |a Závodný, O.